Statystyki dla Mitologia Nordycka wersja roz.

Kliknij tutaj aby rozwiązać quiz!

Ogólne statystyki

  • Ten quiz został rozwiązany 120 razy
  • Średni wynik to 26 z 61

Statystyki odpowiedzi

HintOdpowiedź% Poprawnych
Najstarszy i najwyższy z bogów (Wszechojciec)Odyn
98%
Bóg gromu (Gromowładny, syn Wszechojca)Thor
90%
Bóg kłamstw i psotLoki
87%
Świat AsówAsgard
81%
Władczyni krainy zmarłych śmiercią naturalną – Helheimu (dziecko boga kłamstw)Hel
81%
Co oddał Wszechojciec by uzyskać mądrość?Oko
81%
Ostateczna bitwaRagnarok
81%
Świat, do którego trafiali ci, którzy zginęli śmiercią szlachetnąWalhalla
80%
Świat ludziMidgard
79%
Ogromny wilk, (dziecko boga kłamstw)Fenrir
77%
Bóg wojny, walki i siły, zwany także "jednorękim"Tyr
76%
Piękne, bitewne dziewice, które zabierają dusze szlachetnych zmarłychWalkirie
76%
Tęczowy most pozwalający na podróże między światamiBifrost
73%
Strażnik studni mądrościMimir
73%
Nazwa młota GromowładnegoMjollnir
73%
Przez ile nocy Wszechojciec wisiał na drzewie świata?9
70%
Strażnik tęczowego mostuHeimdall
70%
Żona GromowładnegoSif
68%
Świat lodowych olbrzymówJotunheim
64%
Żona WszechojcaFrigg
63%
Bogini z Wanów mieszkająca wśród AsówFreja
62%
Pierwsza istotaYmir
61%
Wąż oplatający Midgard (dziecko boga kłamstw)Jormungand
60%
Świat, gdzie mieszkają jasne elfyAlfheim
59%
Syn Gromowładnego, "silny"Magni
54%
Syn Gromowładnego, "dzielny"Modi
53%
Bóg ognia, jego atrybutem jest płomienny mieczSurtr
53%
Wiewiórka przenosząca plotki i wieściRatatosk
49%
Świat WanówVanaheim
47%
Mama boga kłamstw (zwana też Nal)Laufey
44%
Ile trujących rzek przecinało mgłę w mrocznym świecie?11
40%
Zima przed ostateczną bitwą, która nie ma końcaFimbulwinter
39%
Mroczny świat (Nazwa)Niflheim
38%
Drzewo świataYggdrasill
38%
Imiona dwóch krukówHuginn i Muninn
36%
Córka Gromowładnego. "potężna"Thrud
31%
Trzy siostry, Urd, Werdandi i Skuld, opiekujące się studnią UrdNorny
30%
Karzeł tworzący wspaniałe skarby, brat EitriegoBrokk
29%
Olbrzymka, matka trójki potwornych dzieci bożka kłamstwAngrboda
26%
Imię drugiego syna Odyna, darzony miłością przez wszystkich oprócz Lokiego, zwany PięknymBalder
24%
Bogini z Asów, strzeże jabłek nieśmiertelnościIdunn
24%
Włócznia OdynaGungnir
23%
Koń Odyna, ośmionogi, potomek LokiegoSleipnir
22%
Ognisty świat, świat płomieniMuspell
21%
Nazwa otchłani, pustki i nicości bez kształtów, która rozciągała się pomiędzy mrocznym światem a ognistymGinnungagap
17%
Smok, który stale podgryza korzeń drzewa świata od spoduNidhogg
17%
Ślepy bógHod
16%
Imię kozła ciągnącego wóz Thora, zwany także Tannjostr albo "zgrzytający zębami"Zgrzytacz
16%
Tata boga kłamstw (olbrzym, jego imię oznacza "ten, który wymierza niebezpieczne ciosy")Farbauti
14%
Żona bożka powyżejSigyn
14%
Pierwsi ludzieAsk i Embla
12%
Imiona dwóch synów boga kłamstw i jego żonyNarfi i Wali
9%
Bóg z łukiem i strzałami, biega na nartachUllr
8%
Bóg poezjiBragi
6%
Bogini ziemi (mama Gromowładnego)Jord
6%
Nazwa tronu WszechojcaHlidskjalf
2%
Pechowy karzełLit
2%
Przywódca lodowych olbrzymów w czasie ostatecznej bitwyHrym
1%
Młody olbrzym, który umiał biegać szybciej niż cokolwiek na świecieHungi
1%
Nazwa źródła życia w leżąca w najgłębszej otchłaniHvergelmir
1%
Strzeże mostu wiodącego do krainy umarłych, "wściekle walcząca"Modgud
0%

Rozkład punktacji

Percentyl według liczby udzielonych odpowiedzi

Procent ludzi z każdym wynikiem

Twoja historia wyników

Nie rozwiązałeś tego quizu